书目信息 |
| 题名: |
建筑施工组织习题与实训
|
|
| 作者: | 茹望民 主编 | |
| 分册: | ||
| 出版信息: | 武汉 武汉理工大学出版社 2017.02 |
|
| 页数: | 91页 | |
| 开本: | 28cm | |
| 丛书名: | ||
| 单 册: | ||
| 中图分类: | TU721-44 | |
| 科图分类: | ||
| 主题词: | 建筑工程--施工组织 , 建筑工程--施工计划 | |
| 电子资源: | ||
| ISBN: | ||
| 000 | 00584nam0 2200193 450 | |
| 001 | 1740888744 | |
| 005 | 20171206113110.00 | |
| 100 | @a20171206d2017 km y0chiy0120 ea | |
| 101 | 0 | @achi |
| 102 | @aCN@b420000 | |
| 200 | 1 | @a建筑施工组织习题与实训@Ajian zhu shi gong zu zhi xi ti yu shi xun@f茹望民主编@Fru wang min zhu bian |
| 210 | @a武汉@c武汉理工大学出版社@d2017.02 | |
| 215 | @a91页@d28cm | |
| 606 | 0 | @a建筑工程@x施工组织 |
| 606 | 0 | @a建筑工程@x施工计划 |
| 690 | @aTU721-44@v4 | |
| 701 | 0 | @a茹望民@Aru wang min@4主编 |
| 801 | 0 | @aCN@bMUSE@c20171206 |
| 905 | @aMUSE@dTU721-44@eR803 | |
| 建筑施工组织习题与实训/茹望民主编.-武汉:武汉理工大学出版社,2017.02 |
| 91页;28cm |
| ISBN : |
| ● |
| 相关链接 |
|
|
|
正题名:建筑施工组织习题与实训
索取号:TU721-44/R803
 
预约/预借
| 序号 | 登录号 | 条形码 | 馆藏地/架位号 | 状态 | 备注 |
| 1 | 1237064 | 212370646 | 建筑库201/201建筑库 29排1列1层/ [索取号:TU721-44/R803] | 在馆 | |
| 2 | 1237065 | 212370655 | 建筑库201/201建筑库 29排1列1层/ [索取号:TU721-44/R803] | 在馆 |